<?xml version="1.0" encoding="UTF-8"?>
<collection xmlns="http://www.loc.gov/MARC21/slim">
 <record>
  <leader>01753nab a2200229 i 4500</leader>
  <controlfield tag="001">acta87106</controlfield>
  <controlfield tag="005">20250417122959.0</controlfield>
  <controlfield tag="008">250417s2023    hu      o     000   hun d</controlfield>
  <datafield tag="022" ind1=" " ind2=" ">
   <subfield code="a">2676-9832</subfield>
  </datafield>
  <datafield tag="040" ind1=" " ind2=" ">
   <subfield code="a">SZTE Egyetemi Kiadványok Repozitórium</subfield>
   <subfield code="b">hun</subfield>
  </datafield>
  <datafield tag="041" ind1=" " ind2=" ">
   <subfield code="a">hun</subfield>
  </datafield>
  <datafield tag="041" ind1=" " ind2=" ">
   <subfield code="a">eng</subfield>
  </datafield>
  <datafield tag="100" ind1="1" ind2=" ">
   <subfield code="a">Tomka Béla</subfield>
  </datafield>
  <datafield tag="245" ind1="1" ind2="3">
   <subfield code="a">Az SZTE Jelenkortörténeti Tanszékének rövid története</subfield>
   <subfield code="h">[elektronikus dokumentum] /</subfield>
   <subfield code="c"> Tomka Béla</subfield>
  </datafield>
  <datafield tag="260" ind1=" " ind2=" ">
   <subfield code="a">SZTE BTK Történeti Intézet</subfield>
   <subfield code="b">Szeged</subfield>
   <subfield code="c">2023</subfield>
  </datafield>
  <datafield tag="300" ind1=" " ind2=" ">
   <subfield code="a">87-95</subfield>
  </datafield>
  <datafield tag="490" ind1="0" ind2=" ">
   <subfield code="a">Acta Universitatis Szegediensis : acta historica</subfield>
   <subfield code="v">147 No. 1</subfield>
  </datafield>
  <datafield tag="520" ind1="3" ind2=" ">
   <subfield code="a">The Department of Contemporary History was established in 2015 at the University of Szeged. The reasons for the formation of the Department include the fact that the study of contemporary history has become a specific and well-institutionalized field of international historiography; on the other hand, the source base of contemporary history has significantly expanded in the previous two decades; moreover, Hungarian contemporary historians have become more professional and have been inspired by diverse approaches of international research; finally, it has increasingly become an important goal that historians should not study the past of societies in isolation from each other. Accordingly, the members of the department study the history of Hungary in its broader European and global context. Comparative and transnational research is thus an important research profile of the department.</subfield>
  </datafield>
  <datafield tag="650" ind1=" " ind2="4">
   <subfield code="a">Bölcsészettudományok</subfield>
  </datafield>
  <datafield tag="650" ind1=" " ind2="4">
   <subfield code="a">Történettudomány és régészet</subfield>
  </datafield>
  <datafield tag="695" ind1=" " ind2=" ">
   <subfield code="a">Egyetemtörténet - Szeged, Jelenkortörténeti Tanszék - Szeged</subfield>
  </datafield>
  <datafield tag="856" ind1="4" ind2="0">
   <subfield code="u">http://acta.bibl.u-szeged.hu/87106/1/historica_147_001_087-095.pdf</subfield>
   <subfield code="z">Dokumentum-elérés </subfield>
  </datafield>
 </record>
</collection>
